[Event "Zlin Region-chT 2223"]
[Site "Czech Republic"]
[Date "2023.01.15"]
[Round "6.6"]
[White "Babula, Matej"]
[Black "Kadlcik, Petr"]
[Result "1-0"]
[WhiteElo "1834"]
[BlackElo "1443"]
[PlyCount "57"]
[EventDate "2022.10.09"]
[EventType "team-tourn"]
[EventRounds "11"]
[EventCountry "CZE"]
[SourceTitle "EXT 2024"]
[Source "ChessBase"]
[SourceDate "2023.10.10"]
[SourceVersion "1"]
[SourceVersionDate "2023.10.10"]
[SourceQuality "1"]
[WhiteTeam "Stare Mesto II"]
[BlackTeam "Vlcnov  II"]
[WhiteTeamCountry "CZE"]
[BlackTeamCountry "CZE"]

1. e4 c5 2. Nf3 d6 3. d4 cxd4 4. Nxd4 Nf6 5. Nc3 e6 6. g4 e5 7. Nf5 g6 8. Ne3 Nc6 9. Bc4 a6 10. f3 Bh6 11. h4 Bf4 12. Nf1 Bxc1 13. Qxc1 b5 14. Bb3 Nd4 15. Qe3 Nd7 16. 0-0-0 Nxb3+ 17. axb3 Nc5 18. Qd2 Nb7 19. g5 Be6 20. Ne3 Rc8 21. Ned5 Qa5 22. Kb1 Bxd5 23. Qxd5 Qc7 24. Qd2 0-0 25. Nd5 Qd8 26. h5 f5 27. gxf6 Rxf6 28. Nxf6+ Qxf6 29. hxg6 1-0

[Event "CZE-ch Amateur"]
[Site "Luhacovice"]
[Date "2022.03.12"]
[Round "1"]
[White "Cupek, Martin"]
[Black "Kadlcik, Petr"]
[Result "1-0"]
[WhiteElo "2108"]
[BlackElo "1448"]
[PlyCount "67"]
[EventDate "2022.03.12"]
[EventType "swiss"]
[EventRounds "9"]
[EventCountry "CZE"]
[SourceTitle "EXT 2023"]
[Source "ChessBase"]
[SourceDate "2022.10.05"]
[SourceVersion "1"]
[SourceVersionDate "2022.10.05"]
[SourceQuality "1"]

1. g4 e5 2. Bg2 d5 3. d4 e4 4. g5 Ne7 5. c4 c6 6. Nc3 Be6 7. h4 Nd7 8. cxd5 cxd5 9. Bf4 Nc6 10. Bxe4 Nb6 11. Bf3 Bd6 12. Bxd6 Qxd6 13. e3 0-0 14. Nge2 Qb4 15. b3 Rac8 16. Rc1 a6 17. Nf4 Na7 18. Qd2 Nb5 19. Nd3 Qe7 20. Nxb5 axb5 21. Ke2 f6 22. Qb4 Qf7 23. Nf4 fxg5 24. hxg5 Rc6 25. Qxb5 Rfc8 26. Rxc6 Rxc6 27. Rxh7 Qf5 28. g6 Qc2+ 29. Kf1 Qf5 30. Rh5 Qf6 31. Kg2 Bf5 32. Bxd5+ Nxd5 33. Qxd5+ Be6 34. Qg5 1-0

[Event "Skalica op"]
[Site "Skalica"]
[Date "2020.01.11"]
[Round "3"]
[White "Bochnicka, Vladimir1111"]
[Black "Kadlcik, Petr"]
[Result "1-0"]
[WhiteElo "1972"]
[BlackElo "1545"]
[PlyCount "57"]
[EventDate "2020.01.11"]
[EventType "swiss"]
[EventRounds "9"]
[EventCountry "SVK"]
[SourceTitle "CBM 194 Extra"]
[Source "ChessBase"]
[SourceDate "2020.03.31"]
[SourceVersion "1"]
[SourceVersionDate "2020.03.31"]
[SourceQuality "1"]

1. e4 c5 2. Nf3 d6 3. d4 cxd4 4. Nxd4 Nf6 5. Nc3 a6 6. f3 e6 7. Be3 Be7 8. Qd2 b5 9. 0-0-0 Bb7 10. g4 Nc6 11. g5 Nd7 12. h4 b4 13. Nce2 Qa5 14. Kb1 Rc8 15. Nxc6 Bxc6 16. Nd4 Ne5 17. Be2 Bb5 18. f4 Bxe2 19. Qxe2 Nc4 20. Bc1 Na3+ 21. bxa3 bxa3 22. Nb3 Rb8 23. Qd2 Qb6 24. Qd4 Qc6 25. Bxa3 Rc8 26. Rh2 e5 27. fxe5 Rd8 28. exd6 Bxd6 29. Bxd6 1-0

[Event "Bezmerov Bastinec Memorial-B"]
[Site "Bezmerov"]
[Date "2019.01.26"]
[Round "3"]
[White "Delgerdalai, Bayarjavkhlan"]
[Black "Kadlcik, Petr"]
[Result "0-1"]
[WhiteElo "1278"]
[BlackElo "1450"]
[PlyCount "100"]
[EventDate "2019.01.25"]
[EventType "swiss"]
[EventRounds "6"]
[EventCountry "CZE"]
[SourceTitle "CBM 188 Extra"]
[Source "ChessBase"]
[SourceDate "2019.02.26"]
[SourceVersion "1"]
[SourceVersionDate "2019.02.26"]
[SourceQuality "1"]

1. e4 c5 2. Nf3 d6 3. d4 cxd4 4. Nxd4 Nf6 5. Nc3 a6 6. h3 e6 7. Be3 Be7 8. Bd3 b5 9. a3 Bb7 10. 0-0 Nbd7 11. b4 Rc8 12. Qd2 Qc7 13. Nde2 Ne5 14. f3 0-0 15. Rac1 Rfd8 16. Bd4 Nc4 17. Bxc4 Qxc4 18. Qd3 Qc6 19. Nd1 e5 20. Bf2 d5 21. exd5 Nxd5 22. Qe4 Qe6 23. Qg4 f5 24. Qg3 Bd6 25. Qg5 Rf8 26. Qd2 Rf6 27. Ne3 Rg6 28. Nxd5 Bxd5 29. Rfd1 Bxf3 30. Qxd6 Qc4 31. Qd3 Bxe2 32. Qxc4+ Bxc4 33. Re1 Re8 34. Rcd1 f4 35. Kh2 e4 36. Bd4 e3 37. Bb2 Be6 38. Rd6 Bf5 39. Rxg6 Bxg6 40. Re2 Bh5 41. Re1 Rd8 42. g4 Rd2+ 43. Kg1 Bg6 44. Rc1 f3 45. Bc3 Rg2+ 46. Kh1 Be4 47. Rg1 Rxc2 48. Bd4 f2+ 49. Rg2 f1Q+ 50. Kh2 Qxg2# 0-1